000 005640000a22001810004500
003 MACL
005 20160413154516.0
008 160413b xxu||||| |||| 00| 0 eng d
040 _aMACL
_cMACL
041 _aHindi
082 _a590
100 _aश्रीवास्‍तव विधा
_950910
245 _aपक्षियों का विचित्र संसार
260 _bसंस्‍कृति साहित्‍य
_c2001
_aनई दिल्‍ली
350 _a60
650 _aBirds
_96128
942 _cHIN
_k590
_2ddc
999 _c9881
_d9881